[Event "GER-ch U14 Girls"]
[Site "Willingen"]
[Date "2015.05.26"]
[Round "5"]
[White "Suhr, Saskia"]
[Black "Albert, Eske"]
[Result "1-0"]
[WhiteElo "821"]
[BlackElo "964"]
[PlyCount "65"]
[EventDate "2015.05.24"]
[EventType "swiss"]
[EventRounds "9"]
[EventCountry "GER"]
[SourceTitle "CBM 166 Extra"]
[Source "ChessBase"]
[SourceDate "2015.06.18"]
[SourceVersion "1"]
[SourceVersionDate "2015.06.18"]
[SourceQuality "1"]

1. e4 e5 2. Nf3 Nc6 3. Bc4 Bc5 4. d3 Nf6 5. c3 d6 6. 0-0 0-0 7. Bb3 Be6 8. Nbd2 d5 9. exd5 Nxd5 10. Re1 Bd6 11. Nf1 Re8 12. Ng3 Qd7 13. h3 f6 14. Be3 Bf7 15. c4 Nxe3 16. Rxe3 Bc5 17. Re1 Nd4 18. Nh4 Qc6 19. Ba4 b5 20. cxb5 Nxb5 21. Nhf5 Qb6 22. Rf1 Red8 23. Qg4 Bg6 24. Qc4+ Kf8 25. Bxb5 Rab8 26. a4 a6 27. Bxa6 Be8 28. Ne4 Bd4 29. Rab1 Bxb2 30. Nc5 Qa7 31. Ne6+ Kf7 32. Nxd8+ Kg6 33. Qg4# 1-0

[Event "GER-ch U14 Girls"]
[Site "Willingen"]
[Date "2015.05.25"]
[Round "3"]
[White "Flach, Helene"]
[Black "Suhr, Saskia"]
[Result "1-0"]
[WhiteElo "1652"]
[BlackElo "821"]
[PlyCount "95"]
[EventDate "2015.05.24"]
[EventType "swiss"]
[EventRounds "9"]
[EventCountry "GER"]
[SourceTitle "CBM 166 Extra"]
[Source "ChessBase"]
[SourceDate "2015.06.18"]
[SourceVersion "1"]
[SourceVersionDate "2015.06.18"]
[SourceQuality "1"]

1. e4 e5 2. Nf3 Nc6 3. Bb5 Nf6 4. d4 exd4 5. 0-0 Nxe4 6. Re1 f5 7. Ng5 Bb4 8. Re2 Qe7 9. f3 Bc5 10. Bd3 d5 11. fxe4 dxe4 12. Kh1 h6 13. Nh3 Be6 14. Nf4 Qf6 15. Nxe6 Qxe6 16. Bb5 0-0-0 17. Nd2 g5 18. Nb3 Qe5 19. Bxc6 bxc6 20. Nxc5 Qxc5 21. Qe1 d3 22. cxd3 Rxd3 23. Be3 Qd6 24. Bxa7 Rd8 25. Qf2 Rd2 26. Qxf5+ Kb7 27. Rxd2 Qxd2 28. Qf2 h5 29. b3 Rd5 30. Qxd2 Rxd2 31. Be3 Rd5 32. Kg1 Rf5 33. Rf1 Re5 34. Kf2 Rf5+ 35. Ke2 Rxf1 36. Kxf1 g4 37. Kf2 h4 38. Bg5 h3 39. gxh3 gxh3 40. Be3 Kc8 41. Kg3 Kd7 42. Kxh3 Ke6 43. Kg4 Kd5 44. h4 c5 45. Kf5 c4 46. bxc4+ Kxc4 47. Kxe4 c5 48. Bxc5 1-0